Olympischer Medaillenspiegel - Triathlon - Statistiken

Allgemein
  • Dieses Quiz wurde 29 mal gespielt
  • Das Durchschnittsergebnis liegt bei 11 aus 16
Antwortstatistiken
Gesamt Gold Silber Bronze Land % Korrekt
2 1 1 0 Deutschland
100%
1 0 0 1 Frankreich
96%
4 1 1 2 Vereinigte Staaten
96%
1 0 1 0 Spanien
89%
5 1 2 2 Australien
81%
2 1 1 0 Kanada
81%
1 0 1 0 Schweden
78%
8 3 2 3 Großbritannien
74%
1 1 0 0 Norwegen
74%
4 1 1 2 Neuseeland
70%
1 1 0 0 Österreich
70%
1 0 1 0 Portugal
70%
5 2 1 2 Schweiz
70%
1 0 0 1 Tschechien
30%
1 1 0 0 Bermuda
22%
1 0 0 1 Südafrika
19%
Keine übereinstimmenden Quizze gefunden
Verteilung der Resultate
Anzahl Personen mit jedem Resultat
Perzentil nach korrekt beantworteten Fragen
Ihre Resultats-Entwicklung
Sie haben dieses Quiz noch nicht gespielt